| 000 | 00509nam a2200181 a 4500 | ||
|---|---|---|---|
| 005 | 20210219153001.0 | ||
| 008 | 991125n 000 0 u | ||
| 035 | _aUPN01000070589 | ||
| 222 | _aCOMUNICACION EDUCATIVA SEP | ||
| 245 | _aCursos de actualización en educación artística | ||
| 300 | _a11 | ||
| 362 | _a1983 Año 1, no. <3=03> jul. | ||
| 653 | 0 | _aACTUALIZACION ACADEMICA | |
| 653 | 0 | _aCURSOS DE ACTUALIZACION | |
| 653 | 0 | _aEDUCACION ARTISTICA | |
| 904 |
_aAC _b008400 |
||
| 905 | _aArticulo | ||
| 999 |
_c65446 _d65446 |
||